Statistical pocket book of the Union Territory of Goa, Daman and Diu (Record no. 503479)

000 -LEADER
fixed length control field 00359cam a22000977a 4500
008 - FIXED-LENGTH DATA ELEMENTS--GENERAL INFORMATION
fixed length control field 180718b1985 xxu||||| |||| 00| 0 eng d
082 ## - DEWEY DECIMAL CLASSIFICATION NUMBER
Classification number A8x5443 P
245 ## - TITLE STATEMENT
Title Statistical pocket book of the Union Territory of Goa, Daman and Diu
Statement of responsibility, etc. by Directorate of Planning, Statistics and Evaluation
260 ## - PUBLICATION, DISTRIBUTION, ETC.
Place of publication, distribution, etc. Panaji
Name of publisher, distributor, etc. Government of Goa,Daman and Diu
Date of publication, distribution, etc. 1985
300 ## - PHYSICAL DESCRIPTION
Extent 267p.
Holdings
Withdrawn status Lost status Damaged status Not for loan Permanent Location Current Location Date acquired Full call number Barcode Date last seen Price effective from Koha item type
        Indian Institute of Public Administration Indian Institute of Public Administration 2018-08-04 A8x5443 P GG32989 2018-08-04 2018-08-04 GG
        Indian Institute of Public Administration Indian Institute of Public Administration 2018-08-04 A8x5443 P GG31536 2018-08-04 2018-08-04 GG

Powered by Koha